[Event "GRE-chT Online Rapid op 1st"]
[Site "Tornelo INT"]
[Date "2021.02.21"]
[Round "7.4"]
[White "Manelidis, Savvas"]
[Black "Mihtis, Theodoros"]
[Result "1-0"]
[WhiteElo "2074"]
[BlackElo "1690"]
[PlyCount "135"]
[EventDate "2021.02.20"]
[EventType "team-swiss (rapid)"]
[EventRounds "9"]
[EventCountry "GRE"]
[SourceTitle "EXT 2023"]
[Source "ChessBase"]
[SourceDate "2022.10.05"]
[SourceVersion "1"]
[SourceVersionDate "2022.10.05"]
[SourceQuality "1"]

1. e4 Nf6 2. e5 Nd5 3. Nc3 Nb6 4. d4 d6 5. Nf3 dxe5 6. Nxe5 N8d7 7. Bf4 Nxe5 8. Bxe5 Nd7 9. Bg3 g6 10. Nd5 e5 11. dxe5 c6 12. Nc3 Bg7 13. Qd6 Bf8 14. Qd2 Bg7 15. 0-0-0 0-0 16. Bc4 Qa5 17. e6 Bxc3 18. exf7+ Kg7 19. Qxc3+ Qxc3 20. bxc3 b5 21. Be6 Nf6 22. Rd6 Bxe6 23. Rxe6 Rxf7 24. Be5 Raf8 25. Rxc6 Kg8 26. f4 Ng4 27. Bd6 Rd8 28. h3 Nf2 29. Rf1 Ne4 30. Be5 g5 31. Re1 Nf2 32. Re2 Nd1 33. Bd4 Nxc3 34. Bxc3 Rxf4 35. Re7 b4 36. Be5 Rf1+ 37. Kb2 Rf7 38. Rxf7 Kxf7 39. Rc7+ Kg6 40. Rxa7 Rd2 41. g3 Rh2 42. Rb7 Rxh3 43. Rxb4 h5 44. a4 Kf5 45. Bc7 h4 46. gxh4 gxh4 47. Bd8 Ke6 48. Bxh4 Kd5 49. Be7 Kc6 50. c3 Rh7 51. Bf6 Rf7 52. Bd4 Rh7 53. Rb6+ Kd5 54. Kb3 Rh1 55. Rb5+ Kc6 56. Kc4 Ra1 57. Rc5+ Kd6 58. a5 Kd7 59. Kb5 Rb1+ 60. Ka6 Rb8 61. Rh5 Kc6 62. Rh6+ Kd5 63. Ka7 Rb5 64. Rh5+ Kc6 65. Rxb5 Kxb5 66. a6 Kc6 67. Bb6 Kd7 68. Kb7 1-0

[Event "GRE-chT Online Rapid op 1st"]
[Site "Tornelo INT"]
[Date "2021.02.21"]
[Round "9.2"]
[White "Manelidis, Savvas"]
[Black "Papaioannou, Dimitrios1111"]
[Result "1-0"]
[WhiteElo "2074"]
[BlackElo "1924"]
[PlyCount "161"]
[EventDate "2021.02.20"]
[EventType "team-swiss (rapid)"]
[EventRounds "9"]
[EventCountry "GRE"]
[SourceTitle "EXT 2023"]
[Source "ChessBase"]
[SourceDate "2022.10.05"]
[SourceVersion "1"]
[SourceVersionDate "2022.10.05"]
[SourceQuality "1"]

1. e4 e5 2. Nf3 Nc6 3. Bc4 Bc5 4. c3 Nf6 5. d3 d6 6. b4 Bb6 7. a4 a5 8. b5 Ne7 9. 0-0 0-0 10. Be3 c6 11. Nbd2 Ng6 12. Bxb6 Qxb6 13. Rb1 Qc7 14. b6 Qd8 15. Re1 h6 16. d4 exd4 17. Nxd4 d5 18. exd5 Nxd5 19. Qb3 Ndf4 20. N2f3 Qf6 21. Re3 Bd7 22. Rbe1 Nxg2 23. Kxg2 Nf4+ 24. Kh1 c5 25. Ne2 Bc6 26. Nxf4 Qxf4 27. Bd5 Bxa4 28. Qc4 Qxc4 29. Bxc4 Bc6 30. Kg1 a4 31. Ne5 Be8 32. Ng6 Bc6 33. Ne7+ Kh7 34. Nxc6 bxc6 35. b7 Ra7 36. Re7 a3 37. Bxf7 Rb8 38. Rb1 a2 39. Ra1 Rbxb7 40. Rxb7 Rxb7 41. Bxa2 Rb2 42. Be6 Kg6 43. Re1 Kf6 44. Kg2 Rc2 45. c4 Rc3 46. Bg8 Kf5 47. Re3 Rc1 48. Re7 g5 49. Rc7 h5 50. Rxc6 h4 51. Rxc5+ Kf4 52. Be6 g4 53. Rf5+ Ke4 54. Rg5 h3+ 55. Kg3 Rg1+ 56. Kh4 Kf3 57. Rxg4 Re1 58. Bd5+ Kxf2 59. Kxh3 Re3+ 60. Rg3 Re5 61. Rg2+ Ke3 62. Rg4 Rh5+ 63. Kg3 Kd3 64. h4 Rh8 65. Rg7 Kd4 66. Kg4 Ke5 67. h5 Kf6 68. Rg6+ Ke7 69. Kg5 Rf8 70. Re6+ Kd7 71. h6 Rf1 72. Re2 Rg1+ 73. Rg2 Rh1 74. Rg4 Rh3 75. Kg6 Ke7 76. h7 Kf8 77. Rf4+ Ke7 78. Rf7+ Ke8 79. Rf5 Rg3+ 80. Rg5 Rh3 81. Kg7 1-0

[Event "GRE-chT 46th"]
[Site "Rio Achaia"]
[Date "2018.07.12"]
[Round "4.15"]
[White "Gimnopoulos, Lazaros"]
[Black "Manelidis, Savvas"]
[Result "1/2-1/2"]
[WhiteElo "2033"]
[BlackElo "2090"]
[PlyCount "84"]
[EventDate "2018.07.10"]
[EventType "team"]
[EventRounds "7"]
[EventCountry "GRE"]
[SourceTitle "CBM 185 Extra"]
[Source "ChessBase"]
[SourceDate "2018.07.29"]
[SourceVersion "1"]
[SourceVersionDate "2018.07.29"]
[SourceQuality "1"]
[WhiteTeam "Florence FL"]
[BlackTeam "Kavalas OFS"]
[WhiteTeamCountry "GRE"]
[BlackTeamCountry "GRE"]

1. e4 e5 2. Nf3 Nc6 3. Bc4 Bc5 4. Nc3 Nf6 5. d3 h6 6. a3 d6 7. h3 a6 8. Be3 b5 9. Ba2 Ba7 10. Bxa7 Rxa7 11. d4 exd4 12. Nxd4 Nxd4 13. Qxd4 c5 14. Qe3 0-0 15. 0-0 Re8 16. f3 Rd7 17. Nd5 Bb7 18. Rfd1 Re5 19. c4 Nxd5 20. cxd5 f5 21. Bb1 Qe8 22. Qf2 fxe4 23. Bxe4 Qh5 24. b4 Rc7 25. a4 bxa4 26. bxc5 Rxc5 27. Rxa4 Qe8 28. Qa2 Qc8 29. Kh2 h5 30. Rb4 a5 31. Rb6 Re7 32. Qf2 Rc1 33. Rxc1 Qxc1 34. Qg3 Qc7 35. Rxd6 h4 36. Qg6 Kf8 37. Qf5+ Rf7 38. Qe5 Re7 39. Qf4+ Rf7 40. Qe5 Re7 41. Qf4+ Rf7 42. Qe5 Re7 1/2-1/2

[Event "Barcelona Sants op-A18th"]
[Site "Barcelona"]
[Date "2016.08.19"]
[Round "1"]
[White "Mihajlov, Sebastian"]
[Black "Manelidis, Savvas"]
[Result "1-0"]
[WhiteElo "2356"]
[BlackElo "2027"]
[PlyCount "87"]
[EventDate "2016.08.19"]
[EventType "swiss"]
[EventRounds "10"]
[EventCountry "ESP"]
[SourceTitle "CBM 174 Extra"]
[Source "ChessBase"]
[SourceDate "2016.10.10"]
[SourceVersion "1"]
[SourceVersionDate "2016.10.10"]
[SourceQuality "1"]

1. d4 Nf6 2. c4 g6 3. Nc3 Bg7 4. e4 d6 5. Nf3 0-0 6. h3 e5 7. d5 a5 8. Be3 Na6 9. g4 Nd7 10. a3 Nac5 11. Nd2 f5 12. gxf5 gxf5 13. exf5 Rxf5 14. Nde4 Qe7 15. Rg1 Rf4 16. Qc2 Nf6 17. Nxc5 dxc5 18. Bxf4 exf4+ 19. Qe2 Qf7 20. 0-0-0 Bf5 21. Qf3 Re8 22. Qxf4 Nh5 23. Qg5 Bg6 24. Bd3 Nf4 25. Bxg6 hxg6 26. Rg4 Re5 27. Qh4 Rh5 28. Qd8+ Kh7 29. Ne4 Qf5 30. Qxc7 Ne2+ 31. Kb1 Rxh3 32. Ka2 Kh6 33. Rg3 Nxg3 34. Nxg3 Qxf2 35. Qxb7 Rxg3 36. Rh1+ Kg5 37. Qxg7 Rxa3+ 38. Kxa3 Qf3+ 39. Ka2 Qxh1 40. Qe7+ Kh6 41. Qxc5 Qf3 42. Qd4 a4 43. d6 a3 44. d7 1-0

[Event "GRE-chT 43rd"]
[Site "Porto Rio"]
[Date "2015.10.10"]
[Round "4.4"]
[White "Manelidis, Savvas"]
[Black "Kapnisis, Spyridon"]
[Result "0-1"]
[WhiteElo "2047"]
[BlackElo "2445"]
[PlyCount "50"]
[EventDate "2015.10.08"]
[EventType "team-swiss"]
[EventRounds "7"]
[EventCountry "GRE"]
[SourceTitle "CBM 168 Extra"]
[Source "ChessBase"]
[SourceDate "2015.10.29"]
[SourceVersion "1"]
[SourceVersionDate "2015.10.29"]
[SourceQuality "1"]
[WhiteTeam "Kavalas OFS"]
[BlackTeam "Nice Fysiolatris"]
[WhiteTeamCountry "GRE"]
[BlackTeamCountry "GRE"]

1. e4 c5 2. Nf3 e6 3. d4 cxd4 4. c3 Nf6 5. cxd4 Nxe4 6. Bd3 Nf6 7. 0-0 b6 8. Nc3 Bb7 9. Bf4 Be7 10. Rc1 a6 11. Re1 0-0 12. Ng5 g6 13. Nce4 Nd5 14. Nh3 Nxf4 15. Nxf4 f5 16. Nc3 Bd6 17. Nh3 Nc6 18. d5 Ne5 19. Bf1 Ng4 20. dxe6 Bxh2+ 21. Kh1 Qh4 22. Nd5 Be5 23. Rc4 Nxf2+ 24. Kg1 Qg3 25. Ne7+ Kh8 0-1

[Event "GRE-chT 43rd"]
[Site "Porto Rio"]
[Date "2015.10.09"]
[Round "3.7"]
[White "Manelidis, Savvas"]
[Black "Kesidis, Odyseas"]
[Result "1-0"]
[WhiteElo "2047"]
[BlackElo "2147"]
[PlyCount "53"]
[EventDate "2015.10.08"]
[EventType "team-swiss"]
[EventRounds "7"]
[EventCountry "GRE"]
[SourceTitle "CBM 168 Extra"]
[Source "ChessBase"]
[SourceDate "2015.10.29"]
[SourceVersion "1"]
[SourceVersionDate "2015.10.29"]
[SourceQuality "1"]
[WhiteTeam "Kavalas OFS"]
[BlackTeam "Florinas OP"]
[WhiteTeamCountry "GRE"]
[BlackTeamCountry "GRE"]

1. e4 e5 2. Nf3 Nc6 3. Nc3 Nf6 4. Bb5 Nd4 5. Bc4 c6 6. Nxe5 d5 7. exd5 Bd6 8. Nf3 Qe7+ 9. Kf1 Nxf3 10. Qxf3 b5 11. Nxb5 cxb5 12. Bxb5+ Bd7 13. Bxd7+ Qxd7 14. d3 0-0 15. Bg5 Be5 16. Bxf6 Bxf6 17. Rb1 Qa4 18. g3 Qxc2 19. Kg2 Bxb2 20. Rhe1 Bf6 21. d6 Qxa2 22. d7 Qa4 23. Qd5 Rfd8 24. Rb7 Qd4 25. Re8+ Rxe8 26. dxe8Q+ Rxe8 27. Qxf7+ 1-0

[Event "GRE-chT 43rd"]
[Site "Porto Rio"]
[Date "2015.10.08"]
[Round "1.5"]
[White "Manelidis, Savvas"]
[Black "Naoum, Spyridon"]
[Result "0-1"]
[WhiteElo "2047"]
[BlackElo "2309"]
[PlyCount "110"]
[EventDate "2015.10.08"]
[EventType "team-swiss"]
[EventRounds "7"]
[EventCountry "GRE"]
[SourceTitle "CBM 168 Extra"]
[Source "ChessBase"]
[SourceDate "2015.10.29"]
[SourceVersion "1"]
[SourceVersionDate "2015.10.29"]
[SourceQuality "1"]
[WhiteTeam "Kavalas OFS"]
[BlackTeam "Chania ADA"]
[WhiteTeamCountry "GRE"]
[BlackTeamCountry "GRE"]

1. e4 c5 2. Nf3 e6 3. c4 a6 4. Nc3 Qc7 5. Be2 b6 6. d4 cxd4 7. Nxd4 Bb7 8. 0-0 Nf6 9. f3 d6 10. Be3 Be7 11. Rc1 Nbd7 12. Qd2 0-0 13. Rfd1 Rac8 14. Bf1 Rfe8 15. a4 Qb8 16. b4 d5 17. cxd5 exd5 18. Nxd5 Bxd5 19. exd5 Bxb4 20. Qxb4 Nxd5 21. Qb3 Nxe3 22. Rxc8 Qxc8 23. Re1 Nxf1 24. Rxe8+ Qxe8 25. Kxf1 Qe5 26. Nc6 Qxh2 27. Qd5 Qc7 28. Ne7+ Kf8 29. Nf5 g6 30. Nd6 Ke7 31. Nxf7 Qc1+ 32. Ke2 Qc2+ 33. Kf1 Qxa4 34. Ng5 Qa1+ 35. Kf2 Qb2+ 36. Kf1 Qc1+ 37. Ke2 Qc2+ 38. Ke1 Qf5 39. Qd2 Qe5+ 40. Kf1 Nf6 41. f4 Qb5+ 42. Kg1 Qc5+ 43. Kh1 Nd5 44. Nxh7 Qc4 45. Qe1+ Kd6 46. g3 Qc3 47. Qe4 Qxg3 48. Qe5+ Kc5 49. Ng5 Qd3 50. Kg2 a5 51. Ne4+ Kc4 52. Qe6 a4 53. Nf2 Qf5 54. Qe2+ Kc5 55. Ne4+ Kd4 0-1

[Event "Skopje Karposh op"]
[Site "Skopje"]
[Date "2015.03.28"]
[Round "2"]
[White "Manelidis, Savvas"]
[Black "Veljanoski, Andrej"]
[Result "1-0"]
[WhiteElo "2051"]
[BlackElo "1555"]
[PlyCount "49"]
[EventDate "2015.03.27"]
[EventType "swiss"]
[EventRounds "9"]
[EventCountry "MKD"]
[SourceTitle "CBM 165 Extra"]
[Source "ChessBase"]
[SourceDate "2015.04.21"]
[SourceVersion "1"]
[SourceVersionDate "2015.04.21"]
[SourceQuality "1"]

1. e4 e5 2. d4 exd4 3. Qxd4 Nc6 4. Qe3 b6 5. Nc3 Bc5 6. Qg3 Qf6 7. Nd5 Qd4 8. Nxc7+ Kf8 9. Nxa8 Qxe4+ 10. Kd1 Qd5+ 11. Bd3 Bd6 12. Qg5 Qxg5 13. Bxg5 Bb7 14. Nxb6 axb6 15. Nf3 Ne5 16. Nxe5 Bxe5 17. Re1 Bxb2 18. Rb1 Bd4 19. Be3 Bxe3 20. Rxe3 Nf6 21. Rxb6 Nd5 22. Rxb7 Nxe3+ 23. fxe3 Ke7 24. Bb5 Rd8 25. a4 1-0

[Event "Skopje Karposh op"]
[Site "Skopje"]
[Date "2015.03.27"]
[Round "1"]
[White "Pancevski, Filip"]
[Black "Manelidis, Savvas"]
[Result "1-0"]
[WhiteElo "2485"]
[BlackElo "2051"]
[PlyCount "49"]
[EventDate "2015.03.27"]
[EventType "swiss"]
[EventRounds "9"]
[EventCountry "MKD"]
[SourceTitle "CBM 165 Extra"]
[Source "ChessBase"]
[SourceDate "2015.04.21"]
[SourceVersion "1"]
[SourceVersionDate "2015.04.21"]
[SourceQuality "1"]

1. e4 e5 2. Nf3 Nc6 3. Bb5 a6 4. Ba4 Nge7 5. c3 g6 6. d4 exd4 7. cxd4 Bg7 8. d5 b5 9. Bc2 Nb4 10. Bb3 a5 11. a3 Na6 12. Nc3 Nc5 13. Be3 Nxb3 14. Qxb3 0-0 15. 0-0 Ba6 16. Rfd1 a4 17. Qb4 Nc8 18. Bd4 Nd6 19. Bxg7 Kxg7 20. e5 Nf5 21. Ne4 h6 22. Rac1 d6 23. Qc3 b4 24. axb4 dxe5 25. Nxe5 1-0

[Event "SRB Central-ch op-B 7th"]
[Site "Paracin"]
[Date "2014.07.08"]
[Round "6"]
[White "Marjanovics, Gyorgy"]
[Black "Manelidis, Savvas"]
[Result "1/2-1/2"]
[WhiteElo "2070"]
[BlackElo "2000"]
[PlyCount "73"]
[EventDate "2014.07.04"]
[EventType "swiss"]
[EventRounds "9"]
[EventCountry "SRB"]
[SourceTitle "CBM 161 Extra"]
[Source "ChessBase"]
[SourceDate "2014.08.29"]
[SourceVersion "1"]
[SourceVersionDate "2014.08.29"]
[SourceQuality "1"]

1. e4 e5 2. Nf3 Nc6 3. Bb5 a6 4. Ba4 Nge7 5. Nc3 g6 6. d4 exd4 7. Nd5 Bg7 8. Bg5 h6 9. Bf6 Kf8 10. Nxd4 Bxf6 11. Nxf6 Kg7 12. Nd5 Nxd5 13. exd5 Nxd4 14. Qxd4+ Qf6 15. 0-0-0 b5 16. Bb3 Qxd4 17. Rxd4 Bb7 18. Re1 Rhe8 19. Rde4 Kf8 20. Kd2 Rxe4 21. Rxe4 Re8 22. Kd3 Rxe4 23. Kxe4 Ke7 24. g4 d6 25. h4 Bc8 26. g5 hxg5 27. hxg5 f6 28. f4 fxg5 29. fxg5 Bf5+ 30. Kd4 Kd7 31. c4 Kc8 32. cxb5 axb5 33. Kc3 Kb7 34. Kb4 Kb6 35. a3 Be4 36. Ba2 Bf5 37. Bb3 1/2-1/2

[Event "Kavala op-A 21st"]
[Site "Kavala"]
[Date "2012.07.27"]
[Round "3"]
[White "Manelidis, Savvas"]
[Black "Drakaki, Anna Maria"]
[Result "0-1"]
[WhiteElo "1965"]
[BlackElo "1834"]
[PlyCount "56"]
[EventDate "2012.07.25"]
[EventType "swiss"]
[EventRounds "9"]
[EventCountry "GRE"]
[SourceTitle "EXT 2024"]
[Source "ChessBase"]
[SourceDate "2023.10.10"]
[SourceVersion "1"]
[SourceVersionDate "2023.10.10"]
[SourceQuality "1"]

1. e4 c5 2. Nf3 d6 3. d4 cxd4 4. c3 Nf6 5. e5 dxe5 6. Nxe5 Nbd7 7. Qa4 e6 8. Bf4 Be7 9. Nc6 bxc6 10. Qxc6 Qb6 11. Qxa8 0-0 12. Qf3 Qxb2 13. Bc4 Qxa1 14. 0-0 Qb2 15. cxd4 Bb7 16. Qd1 Qb6 17. Nd2 Qxd4 18. Be3 Qh4 19. h3 Ne5 20. Bb3 Ba6 21. Re1 Nd3 22. Nf3 Qb4 23. Re2 Rd8 24. Rd2 Ne4 25. a3 Qb7 26. Ne5 Nxd2 27. Nxf7 Nf3+ 28. gxf3 Kxf7 0-1

[Event "World Amateur-ch"]
[Site "Neos Marmaras"]
[Date "2012.04.19"]
[Round "5"]
[White "Johannesson, Oliver Aron"]
[Black "Manelidis, Savvas"]
[Result "1-0"]
[WhiteElo "1677"]
[BlackElo "1915"]
[PlyCount "95"]
[EventDate "2012.04.16"]
[EventType "swiss"]
[EventRounds "9"]
[EventCountry "GRE"]
[SourceTitle "CBM 148 Extra"]
[Source "ChessBase"]
[SourceDate "2012.06.22"]
[SourceVersion "1"]
[SourceVersionDate "2012.06.22"]
[SourceQuality "1"]

1. e4 e5 2. Nf3 Nc6 3. Bb5 a6 4. Ba4 d6 5. 0-0 Bd7 6. c3 g6 7. h3 Bg7 8. Re1 Nge7 9. d4 h6 10. d5 Nb8 11. Bxd7+ Nxd7 12. c4 0-0 13. b4 a5 14. Ba3 f5 15. Nc3 g5 16. Qb3 g4 17. hxg4 fxg4 18. Nh2 Ng6 19. Nb5 a4 20. Qc2 h5 21. c5 Bh6 22. cxd6 g3 23. fxg3 cxd6 24. Qc7 Qxc7 25. Nxc7 Rac8 26. Nb5 Rf6 27. Bc1 Nh8 28. Bxh6 Rxh6 29. Rac1 Rxc1 30. Rxc1 Nf7 31. Rc8+ Kg7 32. Nf3 Nb6 33. Rc7 Kf8 34. Rxb7 Nc4 35. Nc3 a3 36. Nh4 Ng5 37. Nf5 Rf6 38. b5 Nxe4 39. Nxe4 Rxf5 40. Rc7 Ne3 41. Nf2 Nxd5 42. Rc6 Ke7 43. Ra6 Nc3 44. b6 Ne2+ 45. Kf1 Nxg3+ 46. Ke1 e4 47. Rxa3 h4 48. b7 1-0

[Event "GRE-chT 35th"]
[Site "Ermioni Argolidas"]
[Date "2006.07.07"]
[Round "6"]
[White "Katsifarakis, Nikolaos"]
[Black "Manelidis, Savvas"]
[Result "0-1"]
[WhiteElo "1923"]
[BlackElo "2036"]
[PlyCount "118"]
[EventDate "2006.07.03"]
[EventType "team"]
[EventRounds "9"]
[EventCountry "GRE"]
[SourceTitle "CBM 113 Extra"]
[Source "ChessBase"]
[SourceDate "2006.09.14"]
[SourceVersion "1"]
[SourceVersionDate "2006.09.14"]
[SourceQuality "1"]

1. e4 e6 2. d3 d5 3. Nd2 Nf6 4. g3 Bc5 5. Bg2 Nc6 6. f4 h5 7. h3 e5 8. exd5 Nxd5 9. Ne4 Bb6 10. fxe5 Nxe5 11. Nf3 Qe7 12. Qe2 Nxf3+ 13. Bxf3 Be6 14. Ng5 0-0-0 15. Nxe6 Qxe6 16. Qxe6+ fxe6 17. Bg5 Rdf8 18. Ke2 Rf5 19. h4 Re5+ 20. Be4 Nf6 21. Bf4 Rb5 22. b3 Nxe4 23. dxe4 Rb4 24. e5 Bd4 25. Rae1 Bc3 26. Bd2 Re4+ 27. Kd3 Rxe1 28. Rxe1 Bxd2 29. Kxd2 Rf8 30. Re4 Rf2+ 31. Re2 Rf1 32. Ke3 Kd7 33. Rg2 Rf5 34. Ke4 g5 35. c4 g4 36. Rd2+ Ke7 37. Rd3 Rf2 38. a3 Re2+ 39. Kf4 Rf2+ 40. Ke4 Re2+ 41. Kf4 Rf2+ 42. Ke4 a5 43. a4 Rf1 44. Re3 Kd7 45. Kd4 Kc6 46. Rd3 Re1 47. Rd2 Rf1 48. Rd3 Rf7 49. Re3 Rd7+ 50. Ke4 Kc5 51. Kf4 Rf7+ 52. Kg5 Rf5+ 53. Kg6 Kd4 54. Re1 Rxe5 55. Rxe5 Kxe5 56. Kxh5 Kf5 57. Kh6 e5 58. Kg7 e4 59. h5 e3 0-1

[Event "GRE-ch U18"]
[Site "Athens"]
[Date "2006.01.04"]
[Round "3.1"]
[White "Manelidis, Savvas"]
[Black "Nikolopoulos, Georgios"]
[Result "1-0"]
[WhiteElo "2026"]
[BlackElo "2059"]
[PlyCount "59"]
[EventDate "2006.01.03"]
[EventType "swiss"]
[EventRounds "9"]
[EventCountry "GRE"]
[SourceTitle "EXT 2024"]
[Source "ChessBase"]
[SourceDate "2023.10.10"]
[SourceVersion "1"]
[SourceVersionDate "2023.10.10"]
[SourceQuality "1"]

1. e4 c5 2. Nf3 Nc6 3. Bb5 e6 4. Bxc6 bxc6 5. Nc3 d5 6. d3 Ne7 7. Bg5 Qb6 8. Rb1 Ng6 9. 0-0 h6 10. Bd2 Be7 11. h3 0-0 12. Nh2 Ba6 13. b3 Bd6 14. Re1 Qc7 15. Nf3 f5 16. exd5 exd5 17. Na4 Bb5 18. Re6 Kf7 19. Qe2 Bxa4 20. bxa4 Rfb8 21. Re1 Qd7 22. Ng5+ hxg5 23. Qh5 Qxe6 24. Rxe6 Kxe6 25. Qxg6+ Kd7 26. Qxg7+ Be7 27. Bxg5 Re8 28. Qf7 Kd8 29. Bxe7+ Rxe7 30. Qf8+ 1-0

[Event "GRE-ch U18"]
[Site "Athens"]
[Date "2006.01.04"]
[Round "2.1"]
[White "Manelidis, Savvas"]
[Black "Tsiropoulas, Apostolos"]
[Result "1-0"]
[WhiteElo "2026"]
[BlackElo "2011"]
[PlyCount "83"]
[EventDate "2006.01.03"]
[EventType "swiss"]
[EventRounds "9"]
[EventCountry "GRE"]
[SourceTitle "EXT 2024"]
[Source "ChessBase"]
[SourceDate "2023.10.10"]
[SourceVersion "1"]
[SourceVersionDate "2023.10.10"]
[SourceQuality "1"]

1. e4 e6 2. d4 d5 3. Nd2 Nf6 4. e5 Nfd7 5. Bd3 c5 6. c3 Nc6 7. Ne2 cxd4 8. cxd4 f6 9. exf6 Nxf6 10. Nf3 Bd6 11. 0-0 Qc7 12. Nc3 a6 13. Bg5 0-0 14. Bh4 Nh5 15. Re1 h6 16. Rc1 Bd7 17. Ne5 Nf4 18. Nxd7 Qxd7 19. Bb1 e5 20. dxe5 Bxe5 21. Qc2 Qg4 22. Qh7+ Kf7 23. Bg3 d4 24. Bf5 Rh8 25. Qxh8 Rxh8 26. Bxg4 dxc3 27. Bxf4 Bxf4 28. Rxc3 Be5 29. Rb3 b5 30. Bf3 Nd4 31. Rxe5 Nxb3 32. Bd5+ Kf6 33. Re6+ Kf5 34. Bxb3 a5 35. Rb6 Ra8 36. Rxb5+ Kf6 37. Bd5 Rd8 38. Rxa5 Ke5 39. Bf3+ Kf4 40. Ra4+ Kf5 41. g3 Rd2 42. Rb4 1-0

[Event "GRE-chT 34th"]
[Site "Ermioni Argolidas"]
[Date "2005.07.11"]
[Round "9"]
[White "Manelidis, Savvas"]
[Black "Stavrianakis, Ioannis"]
[Result "0-1"]
[WhiteElo "2084"]
[BlackElo "2055"]
[PlyCount "92"]
[EventDate "2005.07.04"]
[EventType "team"]
[EventRounds "9"]
[EventCountry "GRE"]
[SourceTitle "CBM 107 Extra"]
[Source "ChessBase"]
[SourceDate "2005.09.01"]
[SourceVersion "1"]
[SourceVersionDate "2005.09.01"]
[SourceQuality "1"]

1. e4 e6 2. d4 d5 3. Nd2 dxe4 4. Nxe4 Be7 5. Nf3 Nf6 6. Bd3 Nbd7 7. Nxf6+ Nxf6 8. 0-0 0-0 9. Bg5 b6 10. c3 Bb7 11. Re1 c5 12. Bxf6 Bxf6 13. Be4 Bxe4 14. Rxe4 Qd5 15. Re1 cxd4 16. Nxd4 Bxd4 17. Qxd4 Qxd4 18. cxd4 Rfd8 19. Red1 Rac8 20. Rd2 Rd5 21. f4 Kf8 22. Kf2 Ke7 23. Ke3 Kd6 24. Rad1 Ra5 25. a3 Kd5 26. Rd3 Rb5 27. R3d2 Rb3+ 28. Kf2 Rc4 29. g3 a5 30. Re2 f6 31. f5 exf5 32. Re7 Rxb2+ 33. Kg1 Rcc2 34. Rd7+ Ke6 35. Rxg7 Rg2+ 36. Kf1 Rxh2 37. Kg1 Rbg2+ 38. Kf1 f4 39. Re1+ Kd6 40. Rf7 Rf2+ 41. Kg1 fxg3 42. Ree7 Rd2 43. Rd7+ Ke6 44. Rfe7+ Kf5 45. Re1 Kg4 46. Re4+ Kf3 0-1

[Event "World School-ch U16"]
[Site "Chalkidiki"]
[Date "2005.04.27"]
[Round "8"]
[White "Siebarth, Raiko"]
[Black "Manelidis, Savvas"]
[Result "1/2-1/2"]
[WhiteElo "2188"]
[BlackElo "2047"]
[PlyCount "72"]
[EventDate "2005.04.22"]
[EventType "swiss"]
[EventRounds "9"]
[EventCountry "GRE"]
[SourceTitle "EXT 2008"]
[Source "ChessBase"]
[SourceDate "2007.11.25"]
[SourceVersion "1"]
[SourceVersionDate "2007.11.25"]
[SourceQuality "1"]

1. d4 d5 2. c4 dxc4 3. e3 Nf6 4. Bxc4 e6 5. Nf3 c5 6. 0-0 a6 7. a4 cxd4 8. Nxd4 e5 9. Ne2 Qxd1 10. Rxd1 Nc6 11. Ng3 Bd7 12. Nc3 Be7 13. Nge4 Nxe4 14. Nxe4 Bf5 15. Nd6+ Bxd6 16. Rxd6 0-0 17. Bd2 Rfd8 18. Rxd8+ Rxd8 19. Bc3 Kf8 20. f3 Ke7 21. Kf2 Be6 22. Be2 f6 23. b4 Rc8 24. b5 Nb8 25. Bb4+ Kf7 26. Bd6 Nd7 27. bxa6 bxa6 28. Bxa6 Rc6 29. Bb5 Rxd6 30. a5 Bd5 31. Rc1 Ke7 32. Rc8 Bb7 33. Rg8 Kf7 34. Rd8 Ke7 35. Rg8 Rd2+ 36. Kg3 Kf7 1/2-1/2

[Event "GRE-ch U16"]
[Site "Panellhnia"]
[Date "2005.??.??"]
[Round "5"]
[White "Bizopoulos, Alexandros"]
[Black "Manelidis, Savvas"]
[Result "1/2-1/2"]
[WhiteElo "1850"]
[BlackElo "1755"]
[PlyCount "82"]
[EventDate "2005.??.??"]
[EventType "swiss"]
[EventRounds "9"]
[EventCountry "GRE"]
[SourceTitle "EXT 2007"]
[Source "ChessBase"]
[SourceDate "2006.11.23"]
[SourceVersion "1"]
[SourceVersionDate "2006.11.23"]
[SourceQuality "1"]

1. e4 c5 2. Nf3 e6 3. d4 cxd4 4. Nxd4 Qb6 5. Nb3 Qc7 6. Bd3 Nf6 7. Nc3 a6 8. f4 d6 9. g4 b5 10. g5 Nfd7 11. Qf3 Bb7 12. Be3 Nc5 13. Nxc5 dxc5 14. f5 b4 15. Na4 c4 16. Nb6 cxd3 17. Nxa8 d2+ 18. Bxd2 Bxa8 19. fxe6 fxe6 20. 0-0 Bd6 21. Qh3 Qe7 22. Rae1 Bc5+ 23. Kh1 Nd7 24. c3 a5 25. cxb4 axb4 26. a3 bxa3 27. b4 Bxb4 28. Bxb4 Qxb4 29. Qxe6+ Qe7 30. Qxe7+ Kxe7 31. Rf3 Nc5 32. Rxa3 Ke6 33. Ra5 Bxe4+ 34. Kg1 Rc8 35. Rxc5 Rxc5 36. Rxe4+ Re5 37. Rg4 Kf5 38. h3 Kg6 39. h4 Kf5 40. Ra4 Re7 41. Kg2 g6 1/2-1/2

[Event "GRE-ch U16"]
[Site "Panellhnia"]
[Date "2005.??.??"]
[Round "4"]
[White "Manelidis, Savvas"]
[Black "Kiratzopoulos, Efthimios"]
[Result "1/2-1/2"]
[WhiteElo "1755"]
[BlackElo "1745"]
[PlyCount "54"]
[EventDate "2005.??.??"]
[EventType "swiss"]
[EventRounds "9"]
[EventCountry "GRE"]
[SourceTitle "EXT 2007"]
[Source "ChessBase"]
[SourceDate "2006.11.23"]
[SourceVersion "1"]
[SourceVersionDate "2006.11.23"]
[SourceQuality "1"]

1. e4 c5 2. Nf3 e6 3. c4 Nc6 4. Nc3 Nf6 5. Be2 d5 6. exd5 exd5 7. d4 Be6 8. Bg5 cxd4 9. Nxd4 Nxd4 10. Qxd4 dxc4 11. Qxd8+ Rxd8 12. 0-0 a6 13. Bf3 Rd7 14. Rad1 Be7 15. Rxd7 Nxd7 16. Bxe7 Kxe7 17. Bxb7 Nc5 18. Be4 Rb8 19. Rb1 Nxe4 20. Nxe4 Bf5 21. f3 Bxe4 22. fxe4 Ke6 23. Kf2 Ke5 24. Ke3 Rd8 25. Rf1 Rd3+ 26. Ke2 f6 27. Rf5+ Kxe4 1/2-1/2